000 03389nam a2200469 i 4500
001 60889
003 CO-BoRNBP
005 20260513171321.0
007 ta
008 250731s2023 ck abdojr|||| 00| 0 spa d
020 _a9786287561946
_q(volumen 1 impreso)
020 _a9786287561977
_q(volumen 2 impreso)
020 _a9786287561953
_q(volumen 1 digital)
020 _a9786287561960
_q(volumen 2 digital)
040 _aCO-BoRNBP
_bspa
_erda
_cCO-BoRNBP
041 0 _aspa
043 _as-ck---
082 0 4 _a322.44861
_bC25p
_223
110 2 _aCentro Nacional de Memoria Histórica.
_bDirección de Construcción de Memoria Histórica
_969700
245 1 3 _aEl pueblo en las calles :
_bmemorias de resistencia y represión en el estallido social de 2021 /
_cCentro Nacional de Memoria Histórica ; investigadora principal Fernanda Espinosa Moreno ; coinvestigadoras Karen Rojas [y otras tres] ; fotografías Alejandra Rojas [y otros trece] ; edición Linda Carolina Rodríguez.
250 _aPrimera edición
264 1 _aBogotá, Colombia :
_bCentro Nacional de Memoria Histórica,
_c2023.
300 _a2 volúmenes :
_bilustraciones, mapas, gráficas y fotografías a color ;
_c20 cm.
336 _atexto
_btxt
_2rdacontent
337 _asin mediación
_bn
_2rdamedia
338 _avolumen
_bnc
_2rdacarrier
520 2 _aLa investigación El pueblo en las calles: memorias de resistencia y represión en el estallido social de 2021 es el resultado de un proceso de reconstrucción y memoria colectiva que tuvo la participación de 188 personas. Los dos volúmenes que componen este estudio se han elaborado a partir de testimonios, entrevistas individuales, colectivas y grupos focales llevados a cabo con manifestantes, víctimas, sobrevivientes y participantes de diversos grupos en el estallido social de 2021 en Colombia. El objetivo fue diversificar las voces y reconstruir las memorias del estallido. El foco fueron las víctimas quienes, a través de sus relatos, muestran las dinámicas y el tratamiento de la protesta social en Colombia, en donde se destaca la necesidad de protocolos de acompañamiento, garantías para evitar hechos violentos y el reconocimiento de las víctimas generadas en el contexto de las protestas. Se enfatiza en la urgencia de garantizar el derecho a la protesta sin poner en riesgo la vida de quienes se manifiestan. (Tomado de la fuente).
521 1 _aRecomendado para un público mayor de 12 años.
650 1 7 _aMovimientos sociales
_xInvestigaciones
_zColombia
_ySiglo XXI
_2LEMB
_969706
650 1 7 _aVíctimas de la violencia
_xInvestigaciones
_zColombia
_ySiglo XXI
_2LEMB
_969707
650 1 7 _aHistoria social moderna
_zColombia
_ySiglo XXI
_2LEMB
_969708
650 1 7 _aMemoria colectiva
_zColombia
_2LEMB
_942665
700 1 _aEspinosa Moreno, Fernanda,
_eres
_969709
700 1 _aMarín Pineda, Natalia,
_eres
_969710
700 1 _aRodríguez Vera, Damián,
_eres
_969711
700 1 _aMachado Mosquera, Marilyn,
_eres
_969712
700 1 _aRojas, Alejandra,
_epht
_969713
700 1 0 _aRodríguez, Linda Carolina,
_eedt
_969714
856 4 0 _uhttps://centrodememoriahistorica.gov.co/wp-content/uploads/2024/11/ElPuebloEnLasCalles.pdf
_z(Volumen 1 digital)
856 4 0 _uhttps://centrodememoriahistorica.gov.co/wp-content/uploads/2024/11/Estallido%20social%20vol%202%20digital%2020-11-2024.pdf
_z(Volumen 2 digital)
942 _2ddc
_n0
_cBK
999 _c60889
_d60889